000 00633nam a2200277Ia 4500
005 20260401125658.0
008 008 300114s9999 xx 000 0 eng d
020 _a9788122489439
037 _aEBOOK
040 _aCRL
040 _beng
040 _cCRL
041 _2eng
041 _aeng
084 _qCRL
100 _aGopal, Madan
_91232766
245 0 _aModern Control System Theory
250 _a5
260 _bNew Age
260 _c2025
650 _aComputer Science
856 _uhttps://digital.elib4u.com/product-details/640418
942 _cEBOOK
999 _c1847617
_d1847617